000 00619nam a2200241Ia 4500
003 OSt
005 20220918201930.0
006 a|||||r|||| 00| 0
007 ta
008 220917b |||||||| |||| 00| 0 eng d
024 _a97,562
037 _cTextual
040 _aARTS
_cARTS
_beng
041 _2eng
_aeng
082 _aV2:2501:M57, K6
100 _aPalmer J A B
_9101379
245 0 _aMutiny outbreak at Meerut in 1857
260 _c1966
490 _aCambridge south Asian studies
650 _aHISTORY
942 _hV2:2501:M57, K6
_cTEXL
_2CC
999 _c221157
_d221157